000
00235nam a2200097Ia 4500
008
231212s1974 xx 000 0 und d
041
_a
eng
100
_a
Mileat Harry
245
_a
Basic Eletronics
260
_a
Bombay
_b
D.B. Tarapur
_c
1974
999
_c
960674
_d
960674